White and coloured : (Record no. 66739)
[ view plain ]
| 000 -LEADER | |
|---|---|
| fixed length control field | 01071cam0a220027700 4500 |
| 001 - CONTROL NUMBER | |
| control field | lce00133530 |
| 008 - FIXED-LENGTH DATA ELEMENTS--GENERAL INFORMATION | |
| fixed length control field | 760904r19761960ctu b 001 0 eng |
| 010 ## - LIBRARY OF CONGRESS CONTROL NUMBER | |
| LC control number | 76043335 //r87 |
| 020 ## - INTERNATIONAL STANDARD BOOK NUMBER | |
| International Standard Book Number | 0837192900 |
| 035 ## - SYSTEM CONTROL NUMBER | |
| System control number | (Sirsi) r78510 |
| 035 ## - SYSTEM CONTROL NUMBER | |
| System control number | (DLC) 76043335 //r87 |
| 035 ## - SYSTEM CONTROL NUMBER | |
| System control number | (UPRA)lce00133530 |
| 043 ## - GEOGRAPHIC AREA CODE | |
| Geographic area code | e-uk--- |
| 050 1# - LIBRARY OF CONGRESS CALL NUMBER | |
| Classification number | DA 125.N4 Ban 1976 |
| Item number | . |
| 082 ## - DEWEY DECIMAL CLASSIFICATION NUMBER | |
| Classification number | 301.45/1/0420941 |
| 100 1# - MAIN ENTRY--PERSONAL NAME | |
| Personal name | Banton, Michael P. |
| Linkage | A37951.1 |
| 245 10 - TITLE STATEMENT | |
| Title | White and coloured : |
| Remainder of title | the behavior of British people towards coloured immigrants / |
| Statement of responsibility, etc. | by Michael Banton. |
| 260 ## - PUBLICATION, DISTRIBUTION, ETC. | |
| Place of publication, distribution, etc. | Westport, Conn. : |
| Name of publisher, distributor, etc. | Greenwood Press, |
| Date of publication, distribution, etc. | 1976, c1959. |
| 500 ## - GENERAL NOTE | |
| General note | Reprint of the 1960 ed. published by Rutgers University Press, New Brunswick, N.J. |
| 500 ## - GENERAL NOTE | |
| General note | Includes index. |
| 504 ## - BIBLIOGRAPHY, ETC. NOTE | |
| Bibliography, etc. note | Bibliography: p. 217-218. |
| 650 #0 - SUBJECT ADDED ENTRY--TOPICAL TERM | |
| Topical term or geographic name entry element | Blacks -- Great Britain. |
| Geographic subdivision | Blacks -- Great Britain. |
| Linkage | S30082.1 |
| 651 #0 - SUBJECT ADDED ENTRY--GEOGRAPHIC NAME | |
| Geographic name | Great Britain -- Race relations. |
| General subdivision | Great Britain -- Race relations. |
| Linkage | S30080.1 |
| 949 ## - LOCAL PROCESSING INFORMATION (OCLC) | |
| a | DA 125.N4 Ban 1976 |
| w | lcc |
| c | 1 |
| i | 33729000036785 |
| m | MAIN |
| p | 2500 |
| t | BOOK |
| l | ON-SHELF |
No items available.